|
|
|
|
| LEADER |
00000nab a2200000 a 4500 |
| 001 |
vtls000790736 |
| 003 |
SK-MaSNL |
| 005 |
20260304171750.0 |
| 008 |
141112c2001 xo 0 slo |
| 015 |
|
|
|a SNBRB2002/05-15017
|
| 035 |
|
|
|a CLN000142391
|
| 040 |
|
|
|a SNKBUCL
|b slo
|c SNKBUCL
|e AACR2
|
| 041 |
0 |
|
|a slo
|
| 044 |
|
|
|a xo
|c SK
|
| 080 |
|
|
|a 616.31-089-053.2/.6
|2 1997
|
| 111 |
2 |
|
|a Slovenský pediatrický kongres
|n (3. :
|d 2001 :
|c Martin, Slovensko)
|4 aut
|9 171694
|
| 245 |
0 |
0 |
|a Dentoalveolárne a maxilofaciálne chirurgické výkony u detí a dorastu
|c M. Janíčková ... [et al.]
|
| 650 |
0 |
7 |
|a stomatológia
|2 SNKPH
|9 917
|
| 650 |
0 |
7 |
|a deti
|2 SNKPH
|9 773
|
| 650 |
0 |
7 |
|a stomatochirurgia
|2 SNKPH
|9 84098
|
| 655 |
|
7 |
|a články z novín a časopisov
|2 SNK
|9 267496
|
| 700 |
1 |
|
|a Janíčková, Mária,
|d 1969-
|4 aut
|9 200738
|
| 700 |
1 |
|
|a Statelová, Dagmar,
|d 1951-
|4 aut
|9 200727
|
| 700 |
1 |
|
|a Sitár, Ján,
|c maxifaciálny chirurg
|4 aut
|9 13123
|
| 700 |
1 |
|
|a Stiffel, Walter
|4 aut
|9 22239
|
| 773 |
0 |
|
|t Česko-slovenská pediatrie
|g Roč. 56, č. S1 (2001), s. S 55
|x 0069-2328
|
| 850 |
|
|
|a Slovenská národná knižnica v Martine
|
| 852 |
|
|
|a SNK
|b KIS3GCP
|
| 958 |
|
|
|a MI
|
| 999 |
|
|
|c 2995014
|d 2996944
|